[Event "Pan American-ch School U15 12th"]
[Site "Callao"]
[Date "2023.10.18"]
[Round "5"]
[White "Diaz Bermudez, Pedro Teofilo"]
[Black "Bravo Cabrera, Cesar Daniel"]
[Result "1/2-1/2"]
[WhiteElo "1444"]
[BlackElo "1175"]
[PlyCount "83"]
[EventDate "2023.10.16"]
[EventType "swiss"]
[EventRounds "9"]
[EventCountry "PER"]
[SourceTitle "CBM 217 Extra"]
[Source "ChessBase"]
[SourceDate "2024.01.31"]
[SourceVersion "1"]
[SourceVersionDate "2024.01.31"]
[SourceQuality "1"]

1. e4 c5 2. Nf3 d6 3. d4 cxd4 4. Nxd4 Nf6 5. Nc3 g6 6. Be3 Bg7 7. f3 0-0 8. Qd2 Nc6 9. Bc4 Bd7 10. h4 h5 11. 0-0-0 Ne5 12. Bb3 Rc8 13. Bh6 Nc4 14. Bxc4 Rxc4 15. Bxg7 Kxg7 16. Nde2 Qa5 17. Qe3 Rfc8 18. g4 hxg4 19. h5 Rh8 20. hxg6 Rcc8 21. gxf7 Kxf7 22. f4 Rxh1 23. Rxh1 Qc5 24. Qd3 Be6 25. Ng3 Rg8 26. Qe2 Bc4 27. Qe1 e5 28. fxe5 Qxe5 29. Qf2 Qg5+ 30. Kb1 Qc5 31. Qf4 Qe5 32. Qf2 Qc5 33. Qf4 Qe5 34. Rh7+ Rg7 35. Rxg7+ Kxg7 36. Nf5+ Kf8 37. Qxe5 dxe5 38. Ng3 Kf7 39. b3 Be6 40. Kc1 Kg6 41. Kd2 Kg5 42. Ke3 1/2-1/2

[Event "Pan American-ch School U15 12th"]
[Site "Callao"]
[Date "2023.10.17"]
[Round "3"]
[White "Diaz Bermudez, Pedro Teofilo"]
[Black "Davila Pinedo, Juan Sebastian"]
[Result "1/2-1/2"]
[WhiteElo "1444"]
[BlackElo "1198"]
[PlyCount "81"]
[EventDate "2023.10.16"]
[EventType "swiss"]
[EventRounds "9"]
[EventCountry "PER"]
[SourceTitle "CBM 217 Extra"]
[Source "ChessBase"]
[SourceDate "2024.01.31"]
[SourceVersion "1"]
[SourceVersionDate "2024.01.31"]
[SourceQuality "1"]

1. e4 c5 2. Nf3 e6 3. d4 cxd4 4. Nxd4 a6 5. c4 Qc7 6. Nc3 Nf6 7. Bd3 Be7 8. Qe2 d6 9. 0-0 0-0 10. Kh1 Nbd7 11. f4 b6 12. Bd2 Bb7 13. Rae1 Nc5 14. Bc2 Rfd8 15. b4 Ncd7 16. a3 Rac8 17. Bd3 Nf8 18. Nb3 N8d7 19. Rf3 a5 20. Nb5 Qb8 21. Re3 axb4 22. axb4 Ne8 23. Rh3 e5 24. f5 Nef6 25. Nc3 Bf8 26. g4 g6 27. Rg1 Bg7 28. Bh6 Bxh6 29. Rxh6 Nf8 30. g5 N6d7 31. f6 Ne6 32. Qf2 Ndf8 33. Qh4 Nf4 34. Nd5 Bxd5 35. cxd5 Qc7 36. Rxh7 Nxh7 37. Qh6 Nh5 38. Be2 N5xf6 39. gxf6 Nxf6 40. Rg3 Nxe4 41. Re3 1/2-1/2

[Event "South America-ch U12 17th"]
[Site "Guayaquil"]
[Date "2022.01.27"]
[Round "4"]
[White "Zapana Huarza, Fabricio Elvis"]
[Black "Diaz Bermudez, Pedro Teofilo"]
[Result "0-1"]
[WhiteElo "1344"]
[BlackElo "1186"]
[PlyCount "88"]
[EventDate "2022.01.25"]
[EventType "swiss"]
[EventRounds "9"]
[EventCountry "ECU"]
[SourceTitle "CBM 206 Extra"]
[Source "ChessBase"]
[SourceDate "2022.03.31"]
[SourceVersion "1"]
[SourceVersionDate "2022.03.31"]
[SourceQuality "1"]

1. d4 f5 2. Bf4 d6 3. e3 g6 4. Nf3 Nf6 5. h3 Bg7 6. c3 0-0 7. Nbd2 h6 8. Bh2 Qe8 9. Bd3 Nbd7 10. Qb3+ Kh8 11. Be2 e5 12. dxe5 dxe5 13. Qc2 Nd5 14. 0-0-0 c6 15. Nc4 Qe7 16. Na5 Qc5 17. Nb3 Qe7 18. Rhe1 N5f6 19. Nfd2 Nc5 20. Nxc5 Qxc5 21. Nc4 Ne4 22. f3 Ng5 23. Rd6 a5 24. Bg1 e4 25. Red1 Be6 26. f4 Bxc4 27. fxg5 Bf7 28. Rd7 Bxa2 29. Rxb7 Rfb8 30. Rxb8+ Rxb8 31. gxh6 Bxh6 32. Qd2 Bg7 33. Qd6 Qb6 34. Qd2 a4 35. Bh2 Ra8 36. Bf4 a3 37. b4 Bb3 38. Qe1 Qa7 39. Qh4+ Kg8 40. Rd8+ Rxd8 41. Qxd8+ Kf7 42. Bd1 Bd5 43. Qc7+ Qxc7 44. Bxc7 Bxc3 0-1

[Event "South America-ch U12 17th"]
[Site "Guayaquil"]
[Date "2022.01.26"]
[Round "2"]
[White "Ubilluz Pena, Jaiden Andres"]
[Black "Diaz Bermudez, Pedro Teofilo"]
[Result "1-0"]
[WhiteElo "1498"]
[BlackElo "1186"]
[PlyCount "69"]
[EventDate "2022.01.25"]
[EventType "swiss"]
[EventRounds "9"]
[EventCountry "ECU"]
[SourceTitle "CBM 206 Extra"]
[Source "ChessBase"]
[SourceDate "2022.03.31"]
[SourceVersion "1"]
[SourceVersionDate "2022.03.31"]
[SourceQuality "1"]

1. e4 c5 2. b4 cxb4 3. a3 b3 4. cxb3 e5 5. g3 d5 6. Qc2 Nf6 7. d3 Nc6 8. Bb2 Be6 9. Nf3 Rc8 10. Qe2 d4 11. Nbd2 Na5 12. Qd1 Bd6 13. Bg2 Nd7 14. b4 Nc6 15. 0-0 0-0 16. Nc4 Bc7 17. Rc1 f5 18. exf5 Bxf5 19. Re1 Qf6 20. Nh4 Be6 21. Qf3 Qh6 22. Qe2 g5 23. Nf3 Bg4 24. h3 Bxh3 25. Bxh3 Qxh3 26. Nxg5 Qf5 27. Ne4 Qh3 28. Ned6 Bxd6 29. Nxd6 Rf6 30. Nxc8 Rh6 31. Qf3 Nf6 32. Rxc6 bxc6 33. Ne7+ Kh8 34. Rxe5 Qh2+ 35. Kf1 1-0

[Event "South America-ch U12 17th"]
[Site "Guayaquil"]
[Date "2022.01.25"]
[Round "1"]
[White "Diaz Bermudez, Pedro Teofilo"]
[Black "Montano Velasco, Matias Khaleb"]
[Result "1-0"]
[WhiteElo "1186"]
[BlackElo "1375"]
[PlyCount "93"]
[EventDate "2022.01.25"]
[EventType "swiss"]
[EventRounds "9"]
[EventCountry "ECU"]
[SourceTitle "CBM 206 Extra"]
[Source "ChessBase"]
[SourceDate "2022.03.31"]
[SourceVersion "1"]
[SourceVersionDate "2022.03.31"]
[SourceQuality "1"]

1. d4 g6 2. e4 Bg7 3. c4 d6 4. Nc3 Nc6 5. d5 Nd4 6. Be3 c5 7. Nge2 Qb6 8. Qd2 e5 9. Ng3 Ne7 10. f4 f5 11. Bd3 0-0 12. 0-0 Bd7 13. Rae1 fxe4 14. Ncxe4 Nef5 15. fxe5 Bxe5 16. Nxf5 Nxf5 17. Bh6 Rfe8 18. b3 Qd8 19. Bg5 Qc7 20. Nf6+ Bxf6 21. Bxf6 Rf8 22. Qg5 Rxf6 23. Qxf6 Rf8 24. Qg5 Qd8 25. Qxd8 Rxd8 26. Bxf5 Bxf5 27. Re7 Rd7 28. Rxd7 Bxd7 29. Rf6 Bf5 30. Rxd6 Bb1 31. Rd7 Bxa2 32. Rxb7 a5 33. d6 Kf8 34. Rxh7 Ke8 35. Rb7 Kd8 36. Kf2 Kc8 37. Rb6 Kd7 38. Ke3 a4 39. bxa4 Bxc4 40. a5 Bd5 41. g4 g5 42. a6 Bg2 43. a7 c4 44. Kd4 c3 45. Kxc3 Bf3 46. h3 Ba8 47. Rb8 1-0

[Event "Pan American-ch Hybrid U12 31st"]
[Site "Tornelo INT"]
[Date "2021.09.04"]
[Round "6"]
[White "Amarilla Ettiene, Ezequiel"]
[Black "Diaz Bermudez, Pedro Teofilo"]
[Result "0-1"]
[WhiteElo "1250"]
[BlackElo "1148"]
[PlyCount "54"]
[EventDate "2021.09.04"]
[EventType "swiss"]
[EventRounds "9"]
[EventCountry "NET"]
[SourceTitle "EXT 2023"]
[Source "ChessBase"]
[SourceDate "2022.10.05"]
[SourceVersion "1"]
[SourceVersionDate "2022.10.05"]
[SourceQuality "1"]

1. e4 c5 2. b3 e6 3. Bb2 Nf6 4. e5 Nd5 5. Nc3 Ne7 6. Nf3 a6 7. Be2 Nbc6 8. 0-0 Ng6 9. Ne4 Qc7 10. Ng3 Ngxe5 11. Re1 Ng6 12. a4 b6 13. d4 cxd4 14. Nxd4 Bb7 15. Bd3 Nge5 16. Nxc6 Nxd3 17. Qxd3 Qxc6 18. Re4 f5 19. Nxf5 Qxe4 20. Qxe4 Bxe4 21. Bxg7 Bxg7 22. Nxg7+ Kf7 23. Nh5 Rhg8 24. g3 Bxc2 25. Rc1 Bxb3 26. Rc7 Bxa4 27. Nf4 Rgc8 0-1